| 000 | 00699nam a22002057a 4500 | ||
|---|---|---|---|
| 005 | 20150828104719.0 | ||
| 010 | _aENG-113381 | ||
| 020 |
_a9789381523315 _c450.00 |
||
| 035 | _aEN-96913 | ||
| 037 | _bDBAD/PUB | ||
| 082 | _a301.153 | ||
| 100 | _aHasan, Mushirul | ||
| 245 |
_aFaith and freedom : _cby Mushirul Hasan _bGandhi in history / |
||
| 260 |
_aNew Delhi _bNiyogi Books _c2013 |
||
| 270 |
_aD-78, Okhla Industrial Area, Phase-I, _bNew Delhi _e110020 |
||
| 300 |
_a 555 p., [12] p. of plates : _c24cm(Hb) _bill. |
||
| 500 | _a Includes bibliographical references (p. [520]-545) and index. | ||
| 600 |
_a Gandhi, Mahatma, _d1869-1948. |
||
| 942 |
_2ddc _cEN _mHAS _h301.153 |
||
| 999 |
_c94705 _d94705 |
||